| 000 | 00450nam a2200157Ia 4500 | ||
|---|---|---|---|
| 008 | 170221s9999 xx 000 0 und d | ||
| 100 | _aTara Brabazon | ||
| 245 | _aFacing OffTheorizing Over-Sharing and Under-Reading | ||
| 245 | _cTara Brabazon | ||
| 260 | _bOnline Journal of Communication and Media Technologies | ||
| 260 | _c2014 | ||
| 300 | _a34 : 7 | ||
| 650 | _xCommunication | ||
| 650 | _xMedia Arts | ||
| 856 | _uhttp://www.ojcmt.net/ | ||
| 999 |
_c310828 _d310828 |
||